[Event "FIDE World Rapid 2014"]
[Site "Dubai UAE"]
[Date "2014.06.16"]
[Round "2.15"]
[White "Tomashevsky, Evgeny"]
[Black "Iturrizaga Bonelli, Eduardo"]
[Result "1-0"]
[WhiteTitle "GM"]
[BlackTitle "GM"]
[WhiteElo "2695"]
[BlackElo "2653"]
[WhiteFideId "4147235"]
[BlackFideId "3901211"]
[EventDate "2014.06.16"]

1. d4 Nf6 2. c4 e6 3. Nf3 b6 4. g3 Bb7 5. Bg2 c5 6. d5 exd5 7. cxd5 Bxd5 8. Nc3
Bc6 9. O-O Be7 10. e4 Nxe4 11. Nd5 O-O 12. Re1 f5 13. Bf4 d6 14. Qb3 Kh8 15.
Rad1 Bxd5 16. Qxd5 Na6 17. Nd2 Nb4 18. Qe6 Rf6 19. Qb3 Qg8 20. Nxe4 fxe4 21.
Rxe4 Re8 22. Rde1 Qf8 23. R4e2 d5 24. Bxd5 Nxd5 25. Qxd5 Rd8 26. Qc4 Rf7 27. Qa4
h6 28. Qxa7 Bg5 29. Qa4 Rd4 30. Qc6 Rf6 31. Qb7 Kh7 32. Be5 Rf7 33. Qxb6 Rd2 34.
f4 Rxe2 35. Rxe2 Qa8 36. Qb3 1-0

[Event "FIDE World Rapid 2014"]
[Site "Dubai UAE"]
[Date "2014.06.16"]
[Round "2.16"]
[White "Jobava, Baadur"]
[Black "Ganguly, Surya Shekhar"]
[Result "1-0"]
[WhiteTitle "GM"]
[BlackTitle "GM"]
[WhiteElo "2713"]
[BlackElo "2619"]
[WhiteFideId "13601520"]
[BlackFideId "5002150"]
[EventDate "2014.06.16"]

1. e4 c5 2. Nc3 Nc6 3. Nge2 e6 4. Ng3 Nf6 5. Bb5 Qc7 6. O-O Nd4 7. Re1 Bd6 8. a4
h5 9. Be2 a6 10. d3 Nxe2+ 11. Qxe2 Be5 12. a5 Ng4 13. h3 Bd4 14. hxg4 Qxg3 15.
g5 d6 16. Na4 h4 17. Be3 Bxe3 18. Qxe3 Qxe3 19. Rxe3 e5 20. b4 cxb4 21. Nb6 Rb8
22. Rb1 Be6 23. Rxb4 Rh5 24. g6 fxg6 25. c4 Rh8 26. Re2 Rf8 27. Reb2 Rf7 28. Na4
Bd7 29. Nc3 Bc6 30. Rb6 Rc8 31. Kh2 g5 32. f3 Rcc7 33. Nd1 Kd8 34. Ne3 Kc8 35.
Nf5 Rf6 36. Rd2 g6 37. Ne3 Re7 38. Rdb2 Rc7 39. Rd2 Re7 40. Rc2 Rd7 41. Kh3 Rf4
42. Rc3 Rc7 43. Kh2 Rd7 44. Rc1 Rf6 45. Ng4 Re6 46. Kh3 Rd8 47. Ne3 Bd7 48. Kh2
Bc6 49. Nc2 Re7 50. Nb4 Rc7 51. Rb1 Ba4 52. Nd5 Rf7 53. R1b2 Bc6 54. Nb4 Be8 55.
Rc2 Ba4 56. Rc1 Rc7 57. Nd5 Rc5 58. Rcb1 Bc2 59. R1b2 Bxd3 60. Rxb7 Rb5 61. Rc7+ 1-0

[Event "FIDE World Rapid 2014"]
[Site "Dubai UAE"]
[Date "2014.06.16"]
[Round "2.17"]
[White "Durarbayli, Vasif"]
[Black "Naiditsch, Arkadij"]
[Result "0-1"]
[WhiteTitle "GM"]
[BlackTitle "GM"]
[WhiteElo "2590"]
[BlackElo "2705"]
[WhiteFideId "13402935"]
[BlackFideId "4650891"]
[EventDate "2014.06.16"]

1. e4 c5 2. Nf3 d6 3. d4 cxd4 4. Nxd4 Nf6 5. Nc3 a6 6. Be2 e5 7. Nb3 Be6 8. O-O
Be7 9. Re1 O-O 10. Bf3 Nbd7 11. a4 Qb8 12. Nd5 Nxd5 13. exd5 Bf5 14. c4 Bg6 15.
Bd2 Bd8 16. Bb4 a5 17. Ba3 b6 18. Bh5 f5 19. Bxg6 hxg6 20. Nd2 Bf6 21. Qb3 Nc5
22. Qg3 g5 23. Qh3 g6 24. Qh6 Kf7 25. Nf3 Qd8 26. Qh7+ Bg7 27. h4 gxh4 28. Qxh4
Qxh4 29. Nxh4 e4 30. g3 Rfc8 31. Re2 Nxa4 32. g4 Bf6 33. gxf5 Bxh4 34. fxg6+
Kxg6 35. Rxe4 Bf6 36. Re6 Rxc4 37. Bxd6 Nc5 38. Bxc5 bxc5 39. Ra3 Rf4 40. Rc6 c4
41. d6 Kf7 42. d7 Rd8 43. Rxa5 Rxd7 44. Rac5 Rdd4 45. Rc7+ Kg6 46. R7c6 Rh4 47.
Kg2 Rdf4 48. f3 Rd4 49. Kg3 Rhf4 50. Rb5 Rf5 51. Rb4 Rg5+ 52. Kh3 Rd1 53. Kh2
Rd2+ 54. Kh3 Rdg2 0-1

[Event "FIDE World Rapid 2014"]
[Site "Dubai UAE"]
[Date "2014.06.16"]
[Round "3.2"]
[White "Karjakin, Sergey"]
[Black "Yu, Yangyi"]
[Result "1-0"]
[WhiteTitle "GM"]
[BlackTitle "GM"]
[WhiteElo "2771"]
[BlackElo "2675"]
[WhiteFideId "14109603"]
[BlackFideId "8603820"]
[EventDate "2014.06.16"]

1. e4 c5 2. Nf3 Nc6 3. Nc3 d6 4. d4 cxd4 5. Nxd4 e6 6. Be3 Nf6 7. f4 Bd7 8. Qf3
Nxd4 9. Bxd4 Qa5 10. Bc4 Rc8 11. Bb3 e5 12. Bf2 Be7 13. O-O O-O 14. fxe5 dxe5
15. Bh4 Be6 16. Kh1 Kh8 17. Qe2 Qb6 18. Rab1 Ng8 19. Bf2 Qa5 20. Nd5 Bc5 21. Be1
Qd8 22. Rd1 Qg5 23. Rd3 Bg4 24. Qd2 Qxd2 25. Rxd2 Be6 26. Bh4 Nh6 27. Be7 Rfe8
28. Bxc5 Rxc5 29. Ne3 Rc7 30. Rfd1 Kg8 31. Bxe6 fxe6 32. Rd7 Rec8 33. R1d6 Nf7
34. Rxc7 Rxc7 35. Rxe6 Kf8 36. Kg1 Rc5 37. h4 Rc7 38. Kf2 Rd7 39. Nd5 Nd6 40.
Rxe5 Rf7+ 41. Ke2 Nc4 42. Re6 Nxb2 43. Rd6 Ke8 44. Ne3 Na4 45. Rd4 Nc5 46. Nf5
Rc7 47. Ke3 g6 48. Nd6+ Ke7 49. Nb5 Rc8 50. Rc4 a6 51. Nd4 Rc7 52. Nb3 Ne6 53.
Rxc7+ Nxc7 54. Nc5 b6 55. Na4 b5 56. Nc5 b4 57. Kd4 a5 58. Kc4 Kd6 59. Nb7+ Ke5
60. Nxa5 Kxe4 61. Nc6 Kf4 62. Nxb4 Kg3 63. Nd5 Na8 64. Kb5 Kxg2 65. Kc6 Kh3 66.
Kb7 Kxh4 67. Kxa8 h5 68. c4 Kg3 69. c5 h4 70. c6 h3 71. Ne3 Kf3 72. Ng4 1-0

[Event "FIDE World Rapid 2014"]
[Site "Dubai UAE"]
[Date "2014.06.16"]
[Round "3.3"]
[White "Naiditsch, Arkadij"]
[Black "Nepomniachtchi, Ian"]
[Result "0-1"]
[WhiteTitle "GM"]
[BlackTitle "GM"]
[WhiteElo "2705"]
[BlackElo "2730"]
[WhiteFideId "4650891"]
[BlackFideId "4168119"]
[EventDate "2014.06.16"]

1. e4 c5 2. Nf3 d6 3. d4 cxd4 4. Nxd4 Nf6 5. Nc3 a6 6. g3 g6 7. Bg2 Bg7 8. O-O
O-O 9. h3 Bd7 10. Be3 Nc6 11. Kh2 Rc8 12. Nxc6 Bxc6 13. Qd2 Nd7 14. Bh6 Qb6 15.
Bxg7 Kxg7 16. Rab1 Qc5 17. f4 b5 18. Ne2 Nf6 19. Qd3 e5 20. b4 Qa7 21. Qxd6 Rfe8
22. fxe5 Nxe4 23. Bxe4 Bxe4 24. Nd4 Kg8 25. Rbd1 Bxc2 26. Rd2 Be4 27. e6 Rcd8
28. Qe5 Rxe6 29. Qc5 Qxc5 30. bxc5 Re5 31. Re1 f5 32. c6 Rc5 33. Red1 Bxc6 34.
g4 fxg4 35. hxg4 Rcd5 36. Kg3 b4 37. Kf4 Ba4 0-1

[Event "FIDE World Rapid 2014"]
[Site "Dubai UAE"]
[Date "2014.06.16"]
[Round "3.4"]
[White "Fressinet, Laurent"]
[Black "Harikrishna, Pentala"]
[Result "1/2-1/2"]
[WhiteTitle "GM"]
[BlackTitle "GM"]
[WhiteElo "2717"]
[BlackElo "2726"]
[WhiteFideId "608742"]
[BlackFideId "5007003"]
[EventDate "2014.06.16"]

1. Nf3 Nf6 2. g3 g6 3. Bg2 Bg7 4. c4 c6 5. O-O O-O 6. b3 d6 7. d4 Bg4 8. Bb2 Qc8
9. Nbd2 Bh3 10. e4 Bxg2 11. Kxg2 Nbd7 12. e5 dxe5 13. dxe5 Ng4 14. Qe2 Qc7 15.
Rfe1 Rad8 16. Rad1 Nc5 17. Ne4 Nxe4 18. Qxe4 Nh6 19. Qe2 Rxd1 20. Rxd1 Rd8 21.
h3 f6 22. exf6 exf6 23. Qe6+ Nf7 24. Rxd8+ Qxd8 25. Bd4 a6 26. h4 h5 27. a4 Bh8
28. b4 Bg7 29. b5 cxb5 30. cxb5 axb5 31. axb5 Qd6 32. Qc8+ Bf8 33. Qxb7 g5 34.
hxg5 fxg5 35. Be3 h4 36. gxh4 Qe6 37. Qc6 Qg4+ 38. Kf1 gxh4 39. b6 h3 40. Ne1
Bd6 41. b7 h2 42. Qc8+ Kh7 43. Qxg4 h1=Q+ 44. Ke2 Qxb7 45. Qh5+ Kg7 46. Nf3 Qa6+
47. Kd1 Qa4+ 48. Ke1 Qa1+ 49. Ke2 Qa6+ 50. Kd1 Qa4+ 51. Ke1 Qa1+ 52. Ke2 Qa6+ 1/2-1/2

[Event "FIDE World Rapid 2014"]
[Site "Dubai UAE"]
[Date "2014.06.16"]
[Round "3.5"]
[White "Laznicka, Viktor"]
[Black "Vallejo Pons, Francisco"]
[Result "1-0"]
[WhiteTitle "GM"]
[BlackTitle "GM"]
[WhiteElo "2679"]
[BlackElo "2698"]
[WhiteFideId "316385"]
[BlackFideId "2205530"]
[EventDate "2014.06.16"]

1. d4 f5 2. c4 Nf6 3. Nc3 e6 4. e3 b6 5. Bd3 Bb7 6. f3 c5 7. Nge2 Nc6 8. O-O Bd6
9. d5 Ne5 10. e4 fxe4 11. Nxe4 Nxe4 12. Bxe4 Qc7 13. Nc3 Nxc4 14. f4 O-O-O 15.
Qd3 Na5 16. Be3 c4 17. Qd2 Bc5 18. Rae1 exd5 19. Nxd5 Bxd5 20. Qxd5 Rde8 21. Kh1
Bxe3 22. Rxe3 Re6 23. b4 Nc6 24. Qxc4 Rhe8 25. b5 Na5 26. Qxc7+ Kxc7 27. Rc3+
Kd8 28. Bxh7 Re2 29. a3 R8e3 30. Rxe3 Rxe3 31. Rd1 Nb7 32. h4 Rxa3 33. Rd5 Nc5
34. Rg5 Ne6 35. Rg6 Ke7 36. Bg8 Nxf4 37. Rxg7+ Kf6 38. Rg4 Ke5 39. h5 Rd3 40. h6
Rd6 41. h7 Rh6+ 42. Kg1 Ne6 43. Rg6 Rh5 44. Bxe6 Rxh7 45. Bc4 Kd4 46. Rg4+ Kc5
47. Bd3 d5 48. Bxh7 1-0

[Event "FIDE World Rapid 2014"]
[Site "Dubai UAE"]
[Date "2014.06.16"]
[Round "3.6"]
[White "Polgar, Judit"]
[Black "Tomashevsky, Evgeny"]
[Result "1/2-1/2"]
[WhiteTitle "GM"]
[BlackTitle "GM"]
[WhiteElo "2685"]
[BlackElo "2695"]
[WhiteFideId "700070"]
[BlackFideId "4147235"]
[EventDate "2014.06.16"]

1. e4 e5 2. Nf3 Nc6 3. Bb5 a6 4. Ba4 Nf6 5. O-O Be7 6. Re1 b5 7. Bb3 O-O 8. d3
d6 9. a4 Bd7 10. c3 Na5 11. Bc2 c5 12. Nbd2 Re8 13. Nf1 h6 14. Ng3 Bf8 15. h3 b4
16. cxb4 cxb4 17. d4 Qb6 18. b3 Rac8 19. Bb2 Be6 20. d5 Bd7 21. Nf1 Nh5 22. Ne3
Nf4 23. h4 Rc7 24. g3 Nh5 25. Nd2 g6 26. Bd3 Rec8 27. Qe2 Ra8 28. Ndc4 Nxc4 29.
Nxc4 Qb8 30. Qe3 Nf6 31. f3 a5 32. Kg2 Bc8 33. Nb6 Raa7 34. Rac1 Rxc1 35. Rxc1
Rc7 36. Rxc7 Qxc7 37. Nxc8 Qxc8 38. Qb6 Be7 39. Qxa5 Nh5 40. Qxb4 Bxh4 41. Qxd6
Bxg3 42. Bxe5 Bxe5 43. Qxe5 Qc1 44. Be2 Qd2 45. Kf2 Nf4 46. Qe8+ Kg7 47. Qb5
Qd4+ 48. Kf1 Nh3 49. Kg2 Nf4+ 50. Kf1 Nh3 51. Kg2 Nf4+ 52. Kf1 1/2-1/2

[Event "FIDE World Rapid 2014"]
[Site "Dubai UAE"]
[Date "2014.06.16"]
[Round "3.9"]
[White "Korobov, Anton"]
[Black "Inarkiev, Ernesto"]
[Result "0-1"]
[WhiteTitle "GM"]
[BlackTitle "GM"]
[WhiteElo "2680"]
[BlackElo "2682"]
[WhiteFideId "14105730"]
[BlackFideId "4162722"]
[EventDate "2014.06.16"]

1. d4 Nf6 2. c4 g6 3. Nc3 d5 4. cxd5 Nxd5 5. e4 Nxc3 6. bxc3 Bg7 7. Bc4 O-O 8.
Ne2 c5 9. O-O Nc6 10. Be3 Bd7 11. Rb1 Qc7 12. Qd2 Na5 13. Bd3 e5 14. Bh6 Rad8
15. Bxg7 Kxg7 16. f4 Bg4 17. d5 c4 18. Bc2 Bxe2 19. Qxe2 b6 20. Qf2 Nb7 21. Rbd1
f6 22. Qg3 exf4 23. Rxf4 Qe5 24. Rdf1 Nd6 25. Qh3 Rf7 26. a4 Re8 27. Qf3 Ree7
28. h4 h6 29. Rg4 Re8 30. Kh1 g5 31. h5 a6 32. Kg1 b5 33. a5 b4 34. cxb4 Rb8 35.
Rg3 Rxb4 36. Qe3 Rb2 37. Rf2 Nb5 38. Rf5 Qd4 39. Ba4 Rb1+ 40. Kh2 Qa1 41. Rgf3
Nd4 42. Be8 Nxf3+ 43. Qxf3 Rh1+ 44. Kg3 Rb7 45. Ba4 Qe1+ 46. Qf2 Qxe4 47. d6
Qd3+ 0-1

[Event "FIDE World Rapid 2014"]
[Site "Dubai UAE"]
[Date "2014.06.16"]
[Round "3.10"]
[White "Vachier-Lagrave, Maxime"]
[Black "Meier, Georg"]
[Result "1-0"]
[WhiteTitle "GM"]
[BlackTitle "GM"]
[WhiteElo "2762"]
[BlackElo "2632"]
[WhiteFideId "623539"]
[BlackFideId "4675789"]
[EventDate "2014.06.16"]

1. Nf3 d5 2. c4 d4 3. g3 Nc6 4. Bg2 e5 5. d3 Nf6 6. O-O Bd6 7. a3 a5 8. Bg5 O-O
9. Nbd2 Be7 10. Ne1 Nd7 11. Bxe7 Qxe7 12. Nc2 Nc5 13. b4 Na4 14. b5 Nd8 15. Nb3
Nc5 16. Nxc5 Qxc5 17. e3 Ne6 18. Qf3 Qd6 19. exd4 exd4 20. Rfe1 Rb8 21. Qd5 Rd8
22. Qxd6 Rxd6 23. Re5 Kf8 24. Rae1 g6 25. f4 b6 26. Bd5 Bd7 27. f5 Nc5 28. Re7
Rf6 29. Nxd4 Nxd3 30. R1e3 Nc5 31. g4 Re8 32. Rxe8+ Bxe8 33. g5 Rd6 34. f6 Na4
35. Nc6 Nc5 36. Nd4 Na4 37. h4 Nc5 38. h5 gxh5 39. Nf5 Rd8 40. Ng7 Bd7 41. Re7
Be6 42. Bxe6 Nxe6 43. Nxe6+ fxe6 44. Rxh7 Rd4 45. Kf2 Rxc4 46. Rxh5 e5 47. Rh8+
Kf7 48. Rh7+ Ke6 49. Kg3 Rf4 50. Rxc7 Kf5 51. Re7 Rg4+ 52. Kh3 Rf4 53. Kg3 Rg4+
54. Kf3 e4+ 55. Ke2 Kxg5 1-0

[Event "FIDE World Rapid 2014"]
[Site "Dubai UAE"]
[Date "2014.06.16"]
[Round "3.11"]
[White "Le, Quang Liem"]
[Black "Van Wely, Loek"]
[Result "1/2-1/2"]
[WhiteTitle "GM"]
[BlackTitle "GM"]
[WhiteElo "2712"]
[BlackElo "2654"]
[WhiteFideId "12401137"]
[BlackFideId "1000268"]
[EventDate "2014.06.16"]

1. d4 Nf6 2. c4 e6 3. Nc3 Bb4 4. f3 O-O 5. e4 d5 6. e5 Nfd7 7. cxd5 exd5 8. f4
c5 9. Be3 cxd4 10. Bxd4 Nc6 11. Nf3 Nxd4 12. Qxd4 Qa5 13. a3 Bxc3+ 14. bxc3 Nc5
15. Qb4 Qc7 16. c4 Be6 17. Rd1 Rad8 18. f5 Bxf5 19. cxd5 Rfe8 20. Be2 Be4 21. d6
Qb6 22. Qd4 Qa5+ 23. Qb4 Qxb4+ 24. axb4 Nd7 25. O-O Nxe5 26. Nxe5 Rxe5 27. Bc4
Bf5 28. Rde1 Rxe1 29. Rxe1 Be6 30. Bxe6 fxe6 31. Rxe6 Rd7 32. Kf2 Kf7 33. Re3
Rxd6 34. Ra3 a6 35. Ke3 Rb6 36. Rb3 a5 37. b5 Re6+ 38. Kd4 b6 39. Rc3 Kg6 40.
Kd5 Rf6 41. Rg3+ Kf7 42. Re3 h5 43. h4 Kg6 44. Rg3+ Kh6 45. Rc3 Rg6 46. g3 Rf6
47. Ke5 Kg6 48. Kd5 Kf5 49. Rc4 g5 50. Rc6 gxh4 51. gxh4 Rg6 52. Rc8 a4 53. Ra8
Rg4 54. Kc6 Rxh4 55. Kxb6 Rb4 56. Kc5 Rb1 57. Rxa4 Kg5 58. b6 h4 59. Rb4 Rxb4
60. Kxb4 h3 61. b7 h2 62. b8=Q h1=Q 63. Qe5+ Kg6 64. Kc4 Qf3 65. Qd5 Qxd5+ 66.
Kxd5 1/2-1/2

[Event "FIDE World Rapid 2014"]
[Site "Dubai UAE"]
[Date "2014.06.16"]
[Round "3.12"]
[White "Eljanov, Pavel"]
[Black "Guseinov, Gadir"]
[Result "1/2-1/2"]
[WhiteTitle "GM"]
[BlackTitle "GM"]
[WhiteElo "2723"]
[BlackElo "2613"]
[WhiteFideId "14102951"]
[BlackFideId "13401378"]
[EventDate "2014.06.16"]

1. d4 Nf6 2. c4 g6 3. Nc3 Bg7 4. e4 d6 5. Nf3 O-O 6. Be2 c5 7. O-O cxd4 8. Nxd4
Nc6 9. Be3 Bd7 10. Rc1 Nxd4 11. Bxd4 Bc6 12. Qd3 a5 13. b3 Nd7 14. Bxg7 Kxg7 15.
Nd5 Nc5 16. Qe3 e6 17. Nc3 e5 18. Rfd1 Qe7 19. Rd2 Ne6 20. Bf1 f5 21. exf5 Rxf5
22. Rcd1 Rd8 23. Bd3 Rf7 24. Be4 Nd4 25. Bd5 Nf5 26. Qb6 Qc7 27. Qxc7 Rxc7 28.
f3 Nd4 29. Kf2 Bxd5 30. Nxd5 Rc5 31. Nc3 Kf7 32. Ne2 Nxe2 33. Kxe2 Ke6 34. Rd5
b6 35. R1d3 a4 36. h4 axb3 37. axb3 Rxd5 38. Rxd5 Kd7 39. Ke3 Ra8 40. f4 exf4+
41. Kxf4 Ra2 42. g3 h6 43. h5 gxh5 44. Rxh5 Rf2+ 45. Kg4 Rb2 46. Rb5 Kc6 47. Kf4
d5 48. Rxd5 Rxb3 49. Rh5 Rb1 50. g4 Rc1 51. Rxh6+ Kc5 52. g5 Rxc4+ 53. Kf5 Rc1
54. g6 Rf1+ 55. Ke6 Re1+ 56. Kf7 Rf1+ 57. Kg8 Rg1 58. g7 b5 59. Kf7 Rxg7+ 60.
Kxg7 b4 61. Kf6 b3 62. Rh3 Kc4 63. Rxb3 Kxb3 1/2-1/2

[Event "FIDE World Rapid 2014"]
[Site "Dubai UAE"]
[Date "2014.06.16"]
[Round "3.14"]
[White "Amin, Bassem"]
[Black "Wojtaszek, Radoslaw"]
[Result "1/2-1/2"]
[WhiteTitle "GM"]
[BlackTitle "GM"]
[WhiteElo "2635"]
[BlackElo "2715"]
[WhiteFideId "10601457"]
[BlackFideId "1118358"]
[EventDate "2014.06.16"]

1. e4 c5 2. Nf3 d6 3. g3 Nf6 4. c3 Nc6 5. d3 Bg4 6. h3 Bh5 7. Bg2 e6 8. O-O Be7
9. Re1 O-O 10. Nbd2 d5 11. e5 Nd7 12. g4 Bg6 13. Nf1 b5 14. Bf4 b4 15. c4 Nb6
16. b3 a5 17. h4 dxc4 18. dxc4 Qxd1 19. Raxd1 a4 20. N3d2 Rfc8 21. h5 Bc2 22.
Rc1 axb3 23. axb3 Ra2 24. Bxc6 Rxc6 25. Ra1 Rb2 26. Ra7 Bf8 27. Re3 Rc8 28. Rb7
Na8 29. h6 gxh6 30. Ng3 Nc7 31. Nge4 Ne8 32. g5 h5 33. Bg3 Rd8 34. Bh4 Rxd2 35.
Nxd2 Ng7 36. Ne4 Bxe4 37. Rxe4 Nf5 38. g6 hxg6 39. Bg5 Rxb3 40. Rb8 Rd3 41. Bf6
Rd7 42. Re1 Ra7 43. Rd1 Nd4 44. Kg2 b3 45. Bg5 Kg7 46. Bf6+ Kg8 47. Bg5 Kg7 48.
Bf6+ 1/2-1/2

[Event "FIDE World Rapid 2014"]
[Site "Dubai UAE"]
[Date "2014.06.16"]
[Round "3.16"]
[White "Ragger, Markus"]
[Black "Maletin, Pavel"]
[Result "1-0"]
[WhiteTitle "GM"]
[BlackTitle "GM"]
[WhiteElo "2632"]
[BlackElo "2588"]
[WhiteFideId "1610856"]
[BlackFideId "4146786"]
[EventDate "2014.06.16"]

1. d4 Nf6 2. c4 g6 3. Nc3 d5 4. cxd5 Nxd5 5. Bd2 Bg7 6. e4 Nxc3 7. Bxc3 O-O 8.
Qd2 c5 9. d5 e6 10. Bc4 exd5 11. Bxd5 Nd7 12. Nf3 Bxc3 13. bxc3 Nf6 14. O-O Qe7
15. Rfe1 Bg4 16. Ng5 Rad8 17. Qf4 h6 18. Nxf7 Nxd5 19. Nxh6+ Kh7 20. Qxg4 Nxc3
21. Qh3 Kg7 22. Ng4 Nb5 23. Qh6+ Kf7 24. Rab1 Nd6 25. e5 Nf5 26. Qh7+ 1-0

[Event "FIDE World Rapid 2014"]
[Site "Dubai UAE"]
[Date "2014.06.16"]
[Round "3.17"]
[White "Anton Guijarro, David"]
[Black "Moiseenko, Alexander"]
[Result "0-1"]
[WhiteTitle "GM"]
[BlackTitle "GM"]
[WhiteElo "2631"]
[BlackElo "2707"]
[WhiteFideId "2285525"]
[BlackFideId "14102560"]
[EventDate "2014.06.16"]

1. e4 c5 2. Nf3 Nc6 3. Bb5 e6 4. O-O Nge7 5. c3 a6 6. Ba4 b5 7. Bc2 Bb7 8. Re1
Rc8 9. a4 Ng6 10. Na3 b4 11. Nc4 Be7 12. h4 d5 13. exd5 exd5 14. Ne3 d4 15. cxd4
cxd4 16. Nf5 d3 17. Bb1 O-O 18. g3 Bf6 19. Re3 Nge5 20. Ne1 Qd5 21. f4 Nd4 22.
Rxe5 Qh1+ 23. Kf2 Nxf5 0-1

[Event "FIDE World Rapid 2014"]
[Site "Dubai UAE"]
[Date "2014.06.16"]
[Round "4.1"]
[White "Karjakin, Sergey"]
[Black "Jobava, Baadur"]
[Result "1/2-1/2"]
[WhiteTitle "GM"]
[BlackTitle "GM"]
[WhiteElo "2771"]
[BlackElo "2713"]
[WhiteFideId "14109603"]
[BlackFideId "13601520"]
[EventDate "2014.06.16"]

1. e4 d6 2. d4 Nf6 3. Nc3 e5 4. Nf3 Nbd7 5. Bc4 Be7 6. O-O c6 7. a4 a5 8. Re1
O-O 9. h3 h6 10. Be3 Qc7 11. d5 Rd8 12. Qd3 Nc5 13. Bxc5 dxc5 14. Qe3 Nh5 15.
Rad1 Rb8 16. dxc6 Rxd1 17. Nxd1 bxc6 18. Qc3 Bf6 19. Ne3 Nf4 20. b3 Rb4 21. h4
h5 22. g3 Ne6 23. Qd3 Nd4 24. Nd2 Rb8 25. c3 Ne6 26. Qe2 g6 27. Rd1 Kg7 28. Nf3
Nd8 29. Qd2 Nb7 30. Kg2 Qe7 31. Qd3 Ra8 32. Rd2 Rb8 33. Kh2 Ra8 34. Rd1 Rb8 35.
Qd2 Ra8 36. Qc2 Nd6 37. Bf1 Rb8 38. Nc4 Nxc4 39. Bxc4 Bg4 40. Kg2 Rd8 41. Qc1
Rd7 42. Rxd7 Qxd7 43. Ng5 Bxg5 44. Qxg5 Qd6 45. Qe3 Qd1 46. f3 Bh3+ 47. Kf2 Qh1
48. Qe1 Qg2+ 49. Ke3 Qb2 50. Qd2 Qa1 51. Kf2 Qh1 52. Qe1 Qh2+ 53. Ke3 Qb2 54.
Qd2 Qa1 55. Kf2 Qh1 56. Qe1 Qh2+ 57. Ke3 f5 58. exf5 gxf5 59. Qf2 f4+ 60. gxf4
exf4+ 61. Ke2 Qxf2+ 62. Kxf2 Kf6 63. Ke2 Bf5 64. Kd2 Ke7 65. Kc1 Bg6 66. Kb2 Kd6
67. Ka3 Kc7 68. b4 cxb4+ 69. cxb4 Kb6 70. Kb3 Be8 71. bxa5+ Kxa5 72. Be6 Bg6 73.
Kc4 Kxa4 74. Bd7 Bf7+ 75. Kc5 Kb3 76. Bxc6 Kc3 77. Be4 Kd2 78. Kd4 Ke2 79. Ke5
Ke3 80. Kf6 Bc4 81. Bg6 Kxf3 82. Bxh5+ Kg3 83. Kg5 1/2-1/2

[Event "FIDE World Rapid 2014"]
[Site "Dubai UAE"]
[Date "2014.06.16"]
[Round "4.2"]
[White "Nepomniachtchi, Ian"]
[Black "Laznicka, Viktor"]
[Result "1-0"]
[WhiteTitle "GM"]
[BlackTitle "GM"]
[WhiteElo "2730"]
[BlackElo "2679"]
[WhiteFideId "4168119"]
[BlackFideId "316385"]
[EventDate "2014.06.16"]

1. c4 c6 2. Nf3 d5 3. e3 Nf6 4. Nc3 a6 5. b3 Bf5 6. Bb2 e6 7. Be2 h6 8. O-O Nbd7
9. Re1 Be7 10. Bf1 O-O 11. d3 Bh7 12. Qc2 e5 13. e4 dxe4 14. Nxe4 Qc7 15. Ng3
Bd6 16. Nh4 Rfe8 17. Nhf5 Bc5 18. Bc3 Re6 19. b4 Bf8 20. Qb2 Rae8 21. a3 c5 22.
Ne3 b5 23. Rac1 Nb6 24. Qb3 Na4 25. Ba1 Qd7 26. Red1 Rb8 27. Ne4 Bxe4 28. dxe4
Qa7 29. Qb1 Ree8 30. cxb5 axb5 31. Nd5 Nxd5 32. Rxd5 c4 33. Bxe5 Rbd8 34. Rxb5
Rd2 35. Bg3 c3 36. Ra5 Qd4 37. Rd5 Qxe4 38. Qxe4 Rxe4 39. Rxd2 cxd2 40. Rd1 Re1
41. Rxd2 Ra1 42. Rd3 Nb2 43. Rc3 Be7 44. Be5 Bf6 45. Bxf6 gxf6 46. g3 Na4 47.
Rb3 Kg7 48. Kg2 f5 49. Bb5 Nb6 50. Rd3 1-0

[Event "FIDE World Rapid 2014"]
[Site "Dubai UAE"]
[Date "2014.06.16"]
[Round "4.5"]
[White "Bacrot, Etienne"]
[Black "Vachier-Lagrave, Maxime"]
[Result "0-1"]
[WhiteTitle "GM"]
[BlackTitle "GM"]
[WhiteElo "2720"]
[BlackElo "2762"]
[WhiteFideId "605506"]
[BlackFideId "623539"]
[EventDate "2014.06.16"]

1. d4 Nf6 2. c4 g6 3. Nc3 d5 4. cxd5 Nxd5 5. e4 Nxc3 6. bxc3 Bg7 7. Bc4 c5 8.
Ne2 Nc6 9. Be3 O-O 10. O-O b6 11. dxc5 Qc7 12. Nd4 Ne5 13. Nb5 Qb8 14. Be2 bxc5
15. f4 Ng4 16. Bxc5 a6 17. Na3 Qc7 18. Bd4 e5 19. fxe5 Nxe5 20. Qd2 Rb8 21. Nc2
Rb2 22. Kh1 Rd8 23. Bd1 Be6 24. Qc1 Qb8 25. Be2 Bxa2 26. c4 Nf3 27. Rxf3 Bxd4
28. Ra3 Rxc2 29. Qxc2 Bxa1 30. Qxa2 Be5 31. Rxa6 Qb4 32. Bf1 0-1

[Event "FIDE World Rapid 2014"]
[Site "Dubai UAE"]
[Date "2014.06.16"]
[Round "4.7"]
[White "Inarkiev, Ernesto"]
[Black "Ragger, Markus"]
[Result "1/2-1/2"]
[WhiteTitle "GM"]
[BlackTitle "GM"]
[WhiteElo "2682"]
[BlackElo "2632"]
[WhiteFideId "4162722"]
[BlackFideId "1610856"]
[EventDate "2014.06.16"]

1. e4 e5 2. Nf3 Nc6 3. Bb5 a6 4. Ba4 Nf6 5. O-O Be7 6. d3 b5 7. Bb3 O-O 8. Nc3
d6 9. a4 Bg4 10. Be3 Nd4 11. Bxd4 exd4 12. Nd5 c6 13. h3 Bxf3 14. Nxf6+ Bxf6 15.
Qxf3 Rc8 16. axb5 axb5 17. Ra6 c5 18. Bd5 c4 19. Rfa1 Be5 20. Ra7 Rc7 21. Ra8
Qf6 22. Qe2 g6 23. Rxf8+ Kxf8 24. g3 c3 25. b4 Qg5 26. Bb3 h5 27. h4 Qe7 28. Ra5
Qd7 29. Bd5 Kg7 30. Qd1 Qh3 31. Qf1 Qd7 32. Kg2 Bf6 33. Qh1 Ra7 34. Qh3 Qxh3+
35. Kxh3 Rxa5 36. bxa5 Bd8 37. a6 Bb6 38. f4 Kf6 39. Kg2 Ke7 40. Kf3 Bc5 41. Ke2
f6 42. Kd1 g5 43. fxg5 fxg5 44. hxg5 Kf8 45. Kc1 Kg7 46. Bc6 Kg6 47. Bxb5 Kxg5
48. Bd7 h4 49. gxh4+ Kxh4 50. Kb1 Kg5 51. Ka2 Kf6 52. Kb3 Ke7 53. Bg4 Kd8 54.
Kc4 Ba7 55. Be6 Kc7 56. Bd5 Bb6 57. Bb7 Ba7 58. Kd5 Bb6 59. Bc6 Ba7 60. Bb5 Bb6
61. Ba4 Ba7 62. Be8 Bb6 63. Kc4 Ba7 64. Kb5 Bb6 65. Bf7 Ba7 66. Be8 Bb6 67. Bf7
Ba7 68. Be8 Bb6 69. Bf7 Ba7 70. Be8 Bb6 71. Bf7 1/2-1/2

[Event "FIDE World Rapid 2014"]
[Site "Dubai UAE"]
[Date "2014.06.16"]
[Round "4.9"]
[White "Grischuk, Alexander"]
[Black "Safarli, Eltaj"]
[Result "1/2-1/2"]
[WhiteTitle "GM"]
[BlackTitle "GM"]
[WhiteElo "2792"]
[BlackElo "2649"]
[WhiteFideId "4126025"]
[BlackFideId "13402129"]
[EventDate "2014.06.16"]

1. c4 e5 2. Nc3 Nf6 3. e3 Nc6 4. a3 d5 5. cxd5 Nxd5 6. Qc2 Be7 7. Nf3 O-O 8. Be2
Be6 9. O-O f5 10. d3 Kh8 11. Nxd5 Bxd5 12. b4 e4 13. dxe4 Bxe4 14. Qb3 Bd5 15.
Qc2 Be4 16. Qb3 Bd5 17. Qc2 1/2-1/2